University Home | Library Home | Institutional Repository

Report by W.H.O. on the anti-malarial programme in Papua New Guinea, 8 November - 28 December 1970 / (Record no. 41897)

MARC details
000 -LEADER
fixed length control field 00878cam8a220021700 4500
001 - CONTROL NUMBER
control field tmp15717538
003 - CONTROL NUMBER IDENTIFIER
control field UPRA
005 - DATE AND TIME OF LATEST TRANSACTION
control field 20190813171448.0
008 - FIXED-LENGTH DATA ELEMENTS--GENERAL INFORMATION
fixed length control field 951011s1971 pp eng u
035 ## - SYSTEM CONTROL NUMBER
System control number (Sirsi) r66630
035 ## - SYSTEM CONTROL NUMBER
System control number (UPRA)tmp15717538
040 ## - CATALOGING SOURCE
Transcribing agency UPRA
100 1# - MAIN ENTRY--PERSONAL NAME
Personal name Colbourne, M. J. (Michael James)
Fuller form of name Colbourne, M. J. (Michael James)
Linkage A27139.1
245 10 - TITLE STATEMENT
Title Report by W.H.O. on the anti-malarial programme in Papua New Guinea, 8 November - 28 December 1970 /
Statement of responsibility, etc. by M. Colbourne and K.A.P. Stevenson.
260 ## - PUBLICATION, DISTRIBUTION, ETC.
Place of publication, distribution, etc. Port Moresby,
Date of publication, distribution, etc. 1971?
504 ## - BIBLIOGRAPHY, ETC. NOTE
Bibliography, etc. note Bibliography: p. 149-151.
650 #0 - SUBJECT ADDED ENTRY--TOPICAL TERM
Topical term or geographic name entry element Malaria -- Papua New Guinea -- Prevention.
Geographic subdivision Malaria -- Papua New Guinea -- Prevention.
General subdivision Malaria -- Papua New Guinea -- Prevention.
Linkage S19611.1
710 2# - ADDED ENTRY--CORPORATE NAME
Corporate name or jurisdiction name as entry element World Health Organization.
Linkage A1382.1
949 ## - LOCAL PROCESSING INFORMATION (OCLC)
a RA644
w LC
i -89182
m MEDICAL
t BOOK
l ON-SHELF
Holdings
Withdrawn status Lost status Source of classification or shelving scheme Damaged status Not for loan Home library Current library Shelving location Total Checkouts Full call number Barcode Date last seen Copy number Price effective from Koha item type
    Library of Congress Classification     Medical Library Medical Library On Shelf   RA644 -89182 08/13/2019 1 08/13/2019 Book
© 2026 - The University of Zambia Library - Koha v25.11